101 Word Puzzlers : exciting new challenges for puzzle enthusasts

Bibliographic Details
Main Author: Allen, Mayme
Other Authors: Kelsch, Janine
Format: Book
Published: New York : Sterling Publishing , 1992
Subjects:

MARC

LEADER 00000cam a2200000 7i4500
001 0000004967
002 000005355
005 20000330.0
020 |a 0806987227 
090 0 0 |a 793.73   |b ALL 
100 1 |a Allen, Mayme 
245 1 0 |a 101 Word Puzzlers :   |b exciting new challenges for puzzle enthusasts   |c Mayme Allen and Janine Kelsch 
260 |a New York :   |b Sterling Publishing ,   |c 1992 
300 |a 128 p. ;   |c 21 cm. 
650 0 0 |a Word games 
700 1 |a Kelsch, Janine 
999 |a 033154   |b BUKU   |c PINJAMAN   |e PERPUSTAKAAN KOMUNITI PETALING JAYA 
999 |a 033155   |b BUKU   |c PINJAMAN   |e PERPUSTAKAAN KOMUNITI PETALING JAYA